00540nam a2200169Ia 450000500170000000800410001702000150005808200140007310000180008724500320010526000700013730000130020750000440022094200060026495200850027099900150035520250701021744.0240331s9999 xx 000 0 und d a9556020349 a1033bSUN aAriyarathne,S 0aManawasinghe geetha nibanda aColombobThe National Book Development Council Of Sri Lankac1991 a220 p ., aLyrics of Sri Chandraratna Manawasingha cL 001040708LaWERCLbWERCLcSSCd2024-03-31l0p1033r2024-03-31w2024-03-31yL c4829d4829